[Event "Goiania-ch Etapa 03"]
[Site "Goiania"]
[Date "2016.08.26"]
[Round "2.7"]
[White "Amaro, Jose Roberto"]
[Black "Campos, Otavio Moraes"]
[Result "0-1"]
[WhiteElo "1818"]
[BlackElo "1702"]
[PlyCount "78"]
[EventDate "2016.08.26"]
[EventType "swiss"]
[EventRounds "6"]
[EventCountry "BRA"]
[SourceTitle "EXT 2022"]
[Source "ChessBase"]
[SourceDate "2021.10.06"]
[SourceVersion "1"]
[SourceVersionDate "2021.10.06"]
[SourceQuality "1"]

1. e4 e5 2. Nf3 Nc6 3. Bc4 Bc5 4. c3 Nf6 5. d4 exd4 6. cxd4 Bb4+ 7. Nc3 d6 8. 0-0 Bg4 9. Be3 h6 10. Re1 0-0 11. h3 Bh5 12. a3 Bxc3 13. bxc3 Nxe4 14. g4 Bg6 15. Qc1 Qf6 16. Kg2 Rad8 17. Bd5 Rfe8 18. Rb1 Rb8 19. Bxc6 bxc6 20. Rxb8 Rxb8 21. d5 c5 22. c4 Qb2 23. Nh4 Qxc1 24. Bxc1 Bh7 25. f3 Nf6 26. g5 hxg5 27. Bxg5 Nh5 28. Re7 f6 29. Be3 Rb7 30. f4 Bd3 31. Kf3 Kf8 32. Re6 Kf7 33. Kg4 g6 34. f5 Be2+ 35. Nf3 gxf5+ 36. Kxh5 Bxf3+ 37. Kh4 Be4 38. Bd2 Rb3 39. Ba5 Bg2 0-1

[Event "Goiania op"]
[Site "Goiania"]
[Date "2016.05.15"]
[Round "5"]
[White "Amaro, Jose Roberto"]
[Black "Campos, Otavio Moraes"]
[Result "1-0"]
[WhiteElo "1810"]
[BlackElo "1700"]
[PlyCount "145"]
[EventDate "2016.05.13"]
[EventType "swiss"]
[EventRounds "6"]
[EventCountry "BRA"]
[SourceTitle "CBM 172 Extra"]
[Source "ChessBase"]
[SourceDate "2016.06.21"]
[SourceVersion "1"]
[SourceVersionDate "2016.06.21"]
[SourceQuality "1"]

1. e4 c5 2. c3 Nc6 3. d4 cxd4 4. cxd4 d6 5. Nf3 g6 6. Be2 Bg7 7. Nc3 Bg4 8. Be3 Nf6 9. 0-0 0-0 10. Qd2 Rc8 11. h3 Bd7 12. Rfe1 a6 13. Rac1 b5 14. a3 Na5 15. Rc2 Nc4 16. Bxc4 Rxc4 17. Bg5 Bc8 18. Rec1 Bb7 19. Qd3 Qa8 20. Nd2 Rc7 21. f3 Rfc8 22. Be3 Nd7 23. Na2 Rxc2 24. Rxc2 Rxc2 25. Qxc2 Qc8 26. Qxc8+ Bxc8 27. Kf2 Nb8 28. Ke2 Nc6 29. Kd3 a5 30. Nc3 Ba6 31. Nd5 b4+ 32. Nc4 bxa3 33. bxa3 e5 34. Nc7 Bxc4+ 35. Kxc4 exd4 36. Bd2 Ne5+ 37. Kd5 d3 38. Nb5 Bf8 39. a4 f6 40. f4 Nd7 41. Bxa5 Nc5 42. Nc3 Kf7 43. Bb4 Ke8 44. Bxc5 dxc5 45. Kc4 d2 46. Kd3 Bd6 47. g3 Kd7 48. Kxd2 g5 49. fxg5 fxg5 50. g4 Bc7 51. Kd3 Ba5 52. Kc4 Kc6 53. Nd5 Kd6 54. Nf6 h6 55. Ng8 Ke5 56. Kxc5 Kxe4 57. Nxh6 Kf3 58. Kb5 Bd2 59. a5 Kg3 60. Nf5+ Kxh3 61. a6 Kxg4 62. a7 Kxf5 63. a8Q g4 64. Qg2 Bf4 65. Kc5 g3 66. Kd5 Kg4 67. Ke4 Bc7 68. Ke3 Bb6+ 69. Ke2 Bf2 70. Qe4+ Kh3 71. Kf3 Kh2 72. Qh7+ Kg1 73. Qh3 1-0

[Event "Goiania op"]
[Site "Goiania"]
[Date "2016.05.14"]
[Round "3"]
[White "Amaro, Jose Roberto"]
[Black "De Oliveira, Francemir Barra"]
[Result "1-0"]
[WhiteElo "1810"]
[BlackElo "1653"]
[PlyCount "125"]
[EventDate "2016.05.13"]
[EventType "swiss"]
[EventRounds "6"]
[EventCountry "BRA"]
[SourceTitle "CBM 172 Extra"]
[Source "ChessBase"]
[SourceDate "2016.06.21"]
[SourceVersion "1"]
[SourceVersionDate "2016.06.21"]
[SourceQuality "1"]

1. e4 e5 2. Nf3 Nc6 3. Bc4 Be7 4. Nc3 Nf6 5. 0-0 0-0 6. d4 exd4 7. Nxd4 Ne5 8. Bb3 a6 9. Nf5 Bc5 10. Bg5 c6 11. Na4 Ba7 12. Nd6 b5 13. Nc3 a5 14. a3 Ba6 15. Ne2 Qe7 16. Kh1 b4 17. f4 Neg4 18. e5 Ne3 19. Qe1 Nxf1 20. Qxf1 h6 21. Nf5 Qe8 22. Nxh6+ Kh7 23. Qf3 Ng8 24. Nf5 Bxe2 25. Qh3+ Kg6 26. Nh4+ Kh7 27. Nf3+ Nh6 28. Nh4 Bg4 29. Qd3+ g6 30. Bxh6 Kxh6 31. Qg3 Bh5 32. Qg5+ Kh7 33. g4 Qd8 34. Qxd8 Raxd8 35. gxh5 gxh5 36. axb4 Bf2 37. Nf5 axb4 38. Rd1 Kg6 39. Nd6 h4 40. Rd2 Be3 41. Rg2+ Kh7 42. Rg4 Rg8 43. Rxh4+ Kg6 44. Bxf7+ Kg7 45. Rg4+ Kh7 46. Bxg8+ Rxg8 47. Rh4+ Kg6 48. Rg4+ Kh7 49. Rxg8 Kxg8 50. f5 Bd4 51. Nc4 Kf7 52. Kg2 Ke7 53. b3 Bc5 54. Kf3 Bd4 55. Ke4 Bf2 56. Kf4 Kf7 57. Kg5 Bd4 58. h4 Kg7 59. h5 Ba7 60. h6+ Kf7 61. Nd6+ Kg8 62. Kg6 Bd4 63. h7+ 1-0

[Event "Goiania op"]
[Site "Goiania"]
[Date "2016.05.14"]
[Round "4"]
[White "Librelato, Kathie Goulart"]
[Black "Amaro, Jose Roberto"]
[Result "1-0"]
[WhiteElo "1999"]
[BlackElo "1810"]
[PlyCount "75"]
[EventDate "2016.05.13"]
[EventType "swiss"]
[EventRounds "6"]
[EventCountry "BRA"]
[SourceTitle "CBM 172 Extra"]
[Source "ChessBase"]
[SourceDate "2016.06.21"]
[SourceVersion "1"]
[SourceVersionDate "2016.06.21"]
[SourceQuality "1"]

1. e4 c5 2. Nf3 d6 3. d4 cxd4 4. Nxd4 Nf6 5. Nc3 a6 6. Bg5 e6 7. f4 Be7 8. Qf3 Qc7 9. 0-0-0 h6 10. Bh4 Nbd7 11. Be2 Rb8 12. Qg3 0-0 13. Rhe1 b5 14. e5 dxe5 15. fxe5 Nxe5 16. Nf3 Bd6 17. Rxd6 Nxf3 18. Bxf3 Nh7 19. Rc6 Qa7 20. Qd6 g5 21. Bg3 Bb7 22. Rc7 Qa8 23. Rxb7 Rxb7 24. Bxb7 Qxb7 25. Ne4 Rc8 26. Be5 a5 27. Bd4 Qc6 28. Qxc6 Rxc6 29. Nf6+ Nxf6 30. Bxf6 Kh7 31. Re5 Rb6 32. Bd8 Rb7 33. Bxa5 Ra7 34. Rxb5 Kg6 35. Kd2 f6 36. Ke3 e5 37. c4 Rd7 38. Rd5 1-0

[Event "Goiania op"]
[Site "Goiania"]
[Date "2016.05.13"]
[Round "2"]
[White "Pirola, Claudionor Alcides"]
[Black "Amaro, Jose Roberto"]
[Result "1-0"]
[WhiteElo "2143"]
[BlackElo "1810"]
[PlyCount "43"]
[EventDate "2016.05.13"]
[EventType "swiss"]
[EventRounds "6"]
[EventCountry "BRA"]
[SourceTitle "CBM 172 Extra"]
[Source "ChessBase"]
[SourceDate "2016.06.21"]
[SourceVersion "1"]
[SourceVersionDate "2016.06.21"]
[SourceQuality "1"]

1. e4 c5 2. Nf3 d6 3. d4 cxd4 4. Nxd4 Nf6 5. Nc3 a6 6. Bg5 e6 7. f4 Be7 8. Qf3 Qc7 9. 0-0-0 h6 10. Bh4 Nbd7 11. Be2 b5 12. Bxf6 Nxf6 13. e5 Bb7 14. Qg3 dxe5 15. fxe5 Ne4 16. Nxe6 fxe6 17. Qg6+ Kf8 18. Nxe4 Qxe5 19. Bh5 Bg5+ 20. Kb1 Qc7 21. Rhf1+ Bf4 22. Rd7 1-0

[Event "Anapolis STD op"]
[Site "Anapolis"]
[Date "2015.08.15"]
[Round "4"]
[White "Garcia, Gabriel Gonzaga"]
[Black "Amaro, Jose Roberto"]
[Result "1-0"]
[WhiteElo "2050"]
[BlackElo "1797"]
[PlyCount "91"]
[EventDate "2015.08.14"]
[EventType "swiss"]
[EventRounds "6"]
[EventCountry "BRA"]
[SourceTitle "EXT 2016"]
[Source "ChessBase"]
[SourceDate "2015.10.08"]
[SourceVersion "1"]
[SourceVersionDate "2015.10.08"]
[SourceQuality "1"]

1. e4 c5 2. Nf3 d6 3. d4 cxd4 4. Qxd4 a6 5. Bc4 Nc6 6. Qd3 Nf6 7. 0-0 e6 8. a4 Be7 9. Nc3 Qc7 10. Bb3 0-0 11. Bf4 b6 12. Nd2 Na5 13. Rad1 Rd8 14. Nc4 Nxc4 15. Bxc4 Bb7 16. Rd2 Qc6 17. f3 Qc5+ 18. Be3 Qb4 19. Ba2 d5 20. exd5 Nxd5 21. Bxd5 Bxd5 22. Qd4 b5 23. Nxd5 exd5 24. Qxb4 Bxb4 25. c3 Be7 26. Bb6 Rd7 27. a5 Bd8 28. Rfd1 Bxb6+ 29. axb6 Rad8 30. Ra1 Ra8 31. Rad1 Rad8 32. Kf2 Kf8 33. Ke3 Ke7 34. Ra1 Ra8 35. b4 Ke6 36. Rda2 Rb7 37. Rxa6 Rab8 38. Kd4 Kd6 39. Ra7 Rxb6 40. Rxf7 Rc8 41. Rxg7 Rbc6 42. Ra3 Rc4+ 43. Kd3 Rh4 44. Ra6+ Ke5 45. g3 Rhc4 46. Rg5# 1-0

[Event "Anapolis STD op"]
[Site "Anapolis"]
[Date "2015.08.14"]
[Round "2"]
[White "Bocca, Edson Ricardo"]
[Black "Amaro, Jose Roberto"]
[Result "1/2-1/2"]
[WhiteElo "1591"]
[BlackElo "1797"]
[PlyCount "120"]
[EventDate "2015.08.14"]
[EventType "swiss"]
[EventRounds "6"]
[EventCountry "BRA"]
[SourceTitle "EXT 2016"]
[Source "ChessBase"]
[SourceDate "2015.10.08"]
[SourceVersion "1"]
[SourceVersionDate "2015.10.08"]
[SourceQuality "1"]

1. e4 c5 2. Nf3 d6 3. Bc4 Nc6 4. 0-0 Nf6 5. Nc3 a6 6. a3 Qc7 7. Nd5 Nxd5 8. Bxd5 e6 9. Bb3 Be7 10. d3 0-0 11. Bd2 b5 12. Re1 Bb7 13. Bc3 b4 14. axb4 cxb4 15. Bd2 Bf6 16. Qc1 Rfc8 17. Bg5 Bd4 18. Be3 Bxe3 19. Qxe3 Na5 20. Ba4 Bc6 21. Bxc6 Nxc6 22. Rec1 h6 23. Nd4 Nxd4 24. Qxd4 Qc5 25. Qxc5 Rxc5 26. c4 bxc3 27. bxc3 Rb5 28. Rcb1 Rab8 29. Rxb5 Rxb5 30. Kf1 a5 31. c4 Rc5 32. Ke2 Kf8 33. Ke3 Ke7 34. g4 Kd7 35. f4 Kc6 36. Kd4 f6 37. Kc3 d5 38. exd5+ exd5 39. Re1 Kd6 40. f5 dxc4 41. Re6+ Kd7 42. dxc4 Rc6 43. Re1 Rc7 44. Kd4 a4 45. Ra1 Ra7 46. Kc5 Kc7 47. Ra3 h5 48. h3 hxg4 49. hxg4 g6 50. fxg6 Ra5+ 51. Kd4 Rg5 52. Rxa4 Rxg4+ 53. Kd5 Rxg6 54. Ra7+ Kb6 55. Rf7 Rg5+ 56. Kd6 Rc5 57. Rb7+ Kxb7 58. Kxc5 Kc7 59. Kd5 f5 60. Ke5 Kc6 1/2-1/2

[Event "Goiania-ch Phase 01"]
[Site "Goiania"]
[Date "2014.03.09"]
[Round "5"]
[White "Correa, Lorenna Martins"]
[Black "Amaro, Jose Roberto"]
[Result "1/2-1/2"]
[WhiteElo "1681"]
[BlackElo "1868"]
[PlyCount "135"]
[EventDate "2014.03.07"]
[EventType "swiss"]
[EventRounds "6"]
[EventCountry "BRA"]
[SourceTitle "CBM 159 Extra"]
[Source "ChessBase"]
[SourceDate "2014.04.24"]
[SourceVersion "1"]
[SourceVersionDate "2014.04.24"]
[SourceQuality "1"]

1. d4 Nf6 2. c4 g6 3. Nc3 d5 4. cxd5 Nxd5 5. e4 Nxc3 6. bxc3 Bg7 7. Bc4 c5 8. Ne2 Nc6 9. Be3 0-0 10. 0-0 cxd4 11. cxd4 Na5 12. Bd3 b6 13. Rc1 Bb7 14. f3 Qd7 15. Qd2 Rac8 16. e5 Nc6 17. Be4 Rfd8 18. Rfd1 a6 19. Nf4 Nxe5 20. Rxc8 Qxc8 21. Rc1 Qa8 22. Qb4 Nxf3+ 23. gxf3 Bxe4 24. fxe4 Qxe4 25. Ng2 b5 26. Qa5 Ra8 27. Qb6 Rf8 28. Rc7 f5 29. Qb7 Qxb7 30. Rxb7 Bf6 31. Ra7 Rd8 32. Rxa6 Bxd4 33. Kf2 e5 34. Ke2 f4 35. Bxd4 Rxd4 36. Ra5 Rb4 37. Kf3 Kg7 38. Ne1 Kf6 39. a3 Rb3+ 40. Ke2 e4 41. a4 Rb2+ 42. Kf1 bxa4 43. Rxa4 Kf5 44. h3 Rh2 45. Ra5+ Kf6 46. Ra6+ Kg5 47. Ra4 Rh1+ 48. Kf2 e3+ 49. Ke2 Rh2+ 50. Kf1 Rxh3 51. Kg2 Rg3+ 52. Kh2 Kg4 53. Re4 Kf5 54. Re7 h5 55. Nd3 g5 56. Re5+ Kf6 57. Re4 Rf3 58. Kg2 Rg3+ 59. Kh2 e2 60. Ne1 Re3 61. Rxe3 fxe3 62. Kg3 Ke5 63. Kf3 Kd4 64. Kxe2 g4 65. Ng2 Ke4 66. Nxe3 g3 67. Ng2 Kf5 68. Kf3 1/2-1/2

[Event "Goiania-ch Phase 01"]
[Site "Goiania"]
[Date "2014.03.07"]
[Round "2"]
[White "Amaro, Jose Roberto"]
[Black "Wilhelms, Diego Lima"]
[Result "1/2-1/2"]
[WhiteElo "1868"]
[BlackElo "2158"]
[PlyCount "65"]
[EventDate "2014.03.07"]
[EventType "swiss"]
[EventRounds "6"]
[EventCountry "BRA"]
[SourceTitle "CBM 159 Extra"]
[Source "ChessBase"]
[SourceDate "2014.04.24"]
[SourceVersion "1"]
[SourceVersionDate "2014.04.24"]
[SourceQuality "1"]

1. e4 c5 2. c3 Nf6 3. e5 Nd5 4. d4 cxd4 5. Nf3 e6 6. cxd4 Nc6 7. Nc3 Nxc3 8. bxc3 d6 9. Bf4 dxe5 10. Nxe5 Qa5 11. Qd2 Nxe5 12. Bxe5 Bd7 13. Bd3 Rc8 14. Rc1 Ba3 15. 0-0 Bxc1 16. Rxc1 f6 17. Bd6 Bc6 18. f3 Bd5 19. Bb4 Qxa2 20. Rc2 Qa4 21. c4 Qa1+ 22. Rc1 Qxd4+ 23. Kh1 Qh4 24. cxd5 Rxc1+ 25. Qxc1 Qxb4 26. Qc8+ Ke7 27. Qxe6+ Kd8 28. Bf5 Qb5 29. Qc8+ Ke7 30. Qe6+ Kd8 31. Qc8+ Ke7 32. Qe6+ Kd8 33. Qc8+ 1/2-1/2

[Event "Goiania-ch Phase 04 "]
[Site "Goiania"]
[Date "2013.11.10"]
[Round "5"]
[White "Amaro, Jose Roberto"]
[Black "Garcia, Gabriel Gonzaga"]
[Result "0-1"]
[WhiteElo "1927"]
[BlackElo "1947"]
[PlyCount "68"]
[EventDate "2013.11.08"]
[EventType "swiss"]
[EventRounds "6"]
[EventCountry "BRA"]
[SourceTitle "EXT 2016"]
[Source "ChessBase"]
[SourceDate "2015.10.08"]
[SourceVersion "1"]
[SourceVersionDate "2015.10.08"]
[SourceQuality "1"]

1. e4 c6 2. d4 d5 3. Nc3 dxe4 4. Nxe4 Nf6 5. Ng3 e5 6. Be3 e4 7. c3 Bd6 8. N1e2 h6 9. Qc2 Qe7 10. Bf4 Bxf4 11. Nxf4 g5 12. Nfh5 Nxh5 13. Nxh5 Bg4 14. Be2 Bxh5 15. Bxh5 Nd7 16. 0-0-0 Nf6 17. Rhe1 0-0-0 18. Be2 Rhe8 19. Kb1 Kb8 20. Qb3 Nd5 21. c4 Nf4 22. Bf1 f5 23. g3 Ng6 24. Bg2 Qf6 25. d5 Ne5 26. dxc6 Qxc6 27. Bf1 Nf3 28. Re3 Nd2+ 29. Rxd2 Rxd2 30. Re2 Rd3 31. Qc2 Red8 32. Re1 Rd2 33. Qc3 Rd1+ 34. Kc2 Qa4+ 0-1

[Event "Goiania-ch Phase 04 "]
[Site "Goiania"]
[Date "2013.11.10"]
[Round "6"]
[White "Silva, Vitor De Souza Mart"]
[Black "Amaro, Jose Roberto"]
[Result "1/2-1/2"]
[WhiteElo "1982"]
[BlackElo "1927"]
[PlyCount "134"]
[EventDate "2013.11.08"]
[EventType "swiss"]
[EventRounds "6"]
[EventCountry "BRA"]
[SourceTitle "EXT 2016"]
[Source "ChessBase"]
[SourceDate "2015.10.08"]
[SourceVersion "1"]
[SourceVersionDate "2015.10.08"]
[SourceQuality "1"]

1. Nf3 Nf6 2. g3 g6 3. Bg2 Bg7 4. 0-0 0-0 5. d3 d5 6. Nc3 c5 7. e4 dxe4 8. Nxe4 Nxe4 9. dxe4 Nc6 10. c3 b6 11. Bf4 Ba6 12. Re1 Qxd1 13. Raxd1 e5 14. Bc1 Rfd8 15. h3 Kf8 16. Nh2 Ke7 17. Ng4 Rxd1 18. Rxd1 Be2 19. Re1 Bxg4 20. hxg4 Rd8 21. Bf1 Na5 22. f4 c4 23. Kf2 b5 24. Be3 Rd7 25. Be2 a6 26. Bc5+ Ke8 27. Rd1 Rxd1 28. Bxd1 exf4 29. gxf4 Nb7 30. Be3 Bf8 31. Bf3 Nc5 32. Bxc5 Bxc5+ 33. Ke2 a5 34. e5 b4 35. Bc6+ Ke7 36. Bd5 bxc3 37. bxc3 f6 38. exf6+ Kxf6 39. g5+ Kf5 40. Kf3 Ba3 41. Bxc4 Bb2 42. Ba6 Ke6 43. c4 Kd6 44. Bc8 a4 45. f5 Bg7 46. f6 Bf8 47. Kf4 a3 48. Bb7 Kc5 49. Bd5 Kd4 50. Bg8 h6 51. Bf7 Bd6+ 52. Kg4 hxg5 53. Kxg5 Bc5 54. Be8 Kc3 55. Ba4 Kxc4 56. Bb3+ Kd4 57. Kxg6 Ke5 58. f7 Bf8 59. Kh7 Kf6 60. Kh8 Ke7 61. Kg8 Bh6 62. Bc4 Bf8 63. Kh7 Kf6 64. Bb3 Ke7 65. Kg6 Kd7 66. Kf6 Kd6 67. Bd1 Bh6 1/2-1/2

[Event "Goiania Regional Center East"]
[Site "Goiania"]
[Date "2013.09.21"]
[Round "4"]
[White "Amaro, Jose Roberto"]
[Black "Franca, Jairo Jr"]
[Result "1-0"]
[WhiteElo "1927"]
[BlackElo "1952"]
[PlyCount "69"]
[EventDate "2013.09.20"]
[EventType "swiss"]
[EventRounds "6"]
[EventCountry "BRA"]
[SourceTitle "EXT 2016"]
[Source "ChessBase"]
[SourceDate "2015.10.08"]
[SourceVersion "1"]
[SourceVersionDate "2015.10.08"]
[SourceQuality "1"]

1. e4 c5 2. c3 d5 3. exd5 Qxd5 4. d4 Nf6 5. Nf3 Bg4 6. Be2 e6 7. Be3 Nbd7 8. 0-0 Be7 9. h3 Bh5 10. dxc5 Nxc5 11. Bb5+ Ncd7 12. Qxd5 exd5 13. g4 Bg6 14. Ne5 a6 15. Bxd7+ Nxd7 16. Nxd7 Kxd7 17. Rd1 Kc6 18. Nd2 h5 19. c4 hxg4 20. cxd5+ Kxd5 21. Nb3+ Ke6 22. Nd4+ Kf6 23. hxg4 Be4 24. f3 Bd5 25. Kg2 Rad8 26. Nf5 Rhe8 27. Bd4+ Kg6 28. Nxg7 Rg8 29. Nf5 Bf6 30. Bxf6 Kxf6 31. Kg3 Rge8 32. Rh1 Re2 33. Rh6+ Ke5 34. f4+ Ke4 35. Rd1 1-0

[Event "Goiania zt"]
[Site "Goiania"]
[Date "2013.06.09"]
[Round "5"]
[White "Franca, Jairo Jr"]
[Black "Amaro, Jose Roberto"]
[Result "0-1"]
[WhiteElo "1966"]
[BlackElo "1879"]
[PlyCount "100"]
[EventDate "2013.06.07"]
[EventType "swiss"]
[EventRounds "6"]
[EventCountry "BRA"]
[SourceTitle "EXT 2015"]
[Source "ChessBase"]
[SourceDate "2014.11.20"]
[SourceVersion "1"]
[SourceVersionDate "2014.11.20"]
[SourceQuality "1"]

1. e4 c5 2. Nf3 d6 3. d4 cxd4 4. Nxd4 Nf6 5. Nc3 a6 6. Bg5 e6 7. f4 Be7 8. Qf3 Qc7 9. 0-0-0 Nbd7 10. g4 b5 11. Bxf6 Nxf6 12. g5 Nd7 13. Bd3 Nc5 14. Rhe1 Nxd3+ 15. Qxd3 Bb7 16. h4 Rc8 17. Kb1 Qc4 18. f5 e5 19. Nb3 Qxd3 20. Rxd3 0-0 21. Nd5 Bxd5 22. Rxd5 Rc7 23. f6 gxf6 24. gxf6 Bxf6 25. Rxd6 Bxh4 26. Rg1+ Kh8 27. Rxa6 f6 28. Nc1 Rg8 29. Rxg8+ Kxg8 30. Nd3 Rc4 31. Rb6 Rxe4 32. Rxb5 Rd4 33. Rb8+ Kg7 34. b4 Bg3 35. Nc5 Rd1+ 36. Kb2 e4 37. Rb7+ Kg6 38. Nxe4 Be5+ 39. Kb3 h5 40. a4 h4 41. Nf2 Rf1 42. Ng4 h3 43. a5 Rf3+ 44. Ka4 Rf4 45. a6 Rxg4 46. a7 Rg1 47. Kb5 Ra1 48. Rd7 h2 49. Rd1 Rxa7 50. c4 Ra2 0-1

[Event "Goiania op"]
[Site "Goiania"]
[Date "2012.03.11"]
[Round "5"]
[White "Amaro, Jose Roberto"]
[Black "De Paula, Guilherme Bueno"]
[Result "0-1"]
[WhiteElo "1852"]
[BlackElo "2032"]
[PlyCount "60"]
[EventDate "2012.03.09"]
[EventType "swiss"]
[EventRounds "6"]
[EventCountry "BRA"]
[SourceTitle "CBM 147 Extra"]
[Source "ChessBase"]
[SourceDate "2012.04.24"]
[SourceVersion "1"]
[SourceVersionDate "2012.04.24"]
[SourceQuality "1"]

1. e4 c5 2. Nf3 a6 3. c3 g6 4. d4 cxd4 5. cxd4 d5 6. e5 Bg4 7. Be2 Qb6 8. 0-0 Nc6 9. Nc3 e6 10. Na4 Qa7 11. Be3 b5 12. Nc3 Nh6 13. Qd2 Nf5 14. Rfd1 h5 15. Rac1 Qb6 16. h3 Bxf3 17. Bxf3 Nxe3 18. Qxe3 Bh6 19. Nxd5 exd5 20. Qb3 Bxc1 21. Qxd5 Rc8 22. e6 Ne7 23. exf7+ Kf8 24. Qe5 Rh7 25. Re1 Bg5 26. Qxg5 Rxf7 27. Qh6+ Kg8 28. Qg5 Qd6 29. Bxh5 Rc2 30. Rxe7 Rxe7 0-1

[Event "Goiania op"]
[Site "Goiania"]
[Date "2012.03.10"]
[Round "4"]
[White "Garcia, Gabriel Gonzaga"]
[Black "Amaro, Jose Roberto"]
[Result "0-1"]
[WhiteElo "1893"]
[BlackElo "1852"]
[PlyCount "82"]
[EventDate "2012.03.09"]
[EventType "swiss"]
[EventRounds "6"]
[EventCountry "BRA"]
[SourceTitle "CBM 147 Extra"]
[Source "ChessBase"]
[SourceDate "2012.04.24"]
[SourceVersion "1"]
[SourceVersionDate "2012.04.24"]
[SourceQuality "1"]

1. e4 c5 2. Nf3 d6 3. d4 cxd4 4. Nxd4 Nf6 5. Nc3 a6 6. Bc4 e6 7. a4 Be7 8. Be3 Qc7 9. Qe2 Nc6 10. f4 Bd7 11. 0-0 0-0 12. Kh1 Rae8 13. Ba2 Na5 14. Qf3 b6 15. Qg3 Nc4 16. Bxc4 Qxc4 17. f5 Kh8 18. fxe6 fxe6 19. h3 b5 20. axb5 axb5 21. e5 Nh5 22. Rxf8+ Rxf8 23. Qg4 dxe5 24. Ndxb5 Rf1+ 25. Rxf1 Qxf1+ 26. Kh2 Nf6 27. Qf3 Bxb5 28. Qa8+ Ng8 29. Qb7 Be8 30. Qc8 Qe1 31. Bg1 Bg6 32. Qxe6 Bh4 33. Qg4 Bf2 34. Bxf2 Qxf2 35. Nd5 Qxc2 36. b4 Qc6 37. Ne3 Nf6 38. Qg5 Qb6 39. Qxe5 Qxb4 40. g4 Qd2+ 41. Kg3 Ne4+ 0-1